[Event "Rapid Tournament (RAP)"]
[Site "Biel, CH"]
[Date "2025.07.13"]
[Round "4"]
[White "Klopfenstein, Francois"]
[Black "De Gregorio, Alexis"]
[Result "0-1"]
[Board "27"]
[WhiteFideId "1303040"]
[BlackFideId "1310054"]
[WhiteElo "1835"]
[BlackElo "2032"]
[WhiteTeam "SUI"]
[BlackTeam "SUI"]
[WhiteClock "0:00:19"]
[BlackClock "0:00:55"]
[Variant "Standard"]

1. e4 {[%clk 0:14:55]}  e5 {[%clk 0:06:14]} 2. Nc3 {[%clk 0:14:57]}  Nf6 {[%clk 0:06:18]} 3. Bc4 {[%clk 0:15:00]}  Nc6 {[%clk 0:06:20]} 4. d3 {[%clk 0:14:26]}  Be7 {[%clk 0:06:23]} 5. Nge2 {[%clk 0:12:30]}  d6 {[%clk 0:06:19]} 6. O-O {[%clk 0:12:20]}  O-O {[%clk 0:06:21]} 7. f4 {[%clk 0:11:53]}  Na5 {[%clk 0:05:02]} 8. Bb3 {[%clk 0:09:13]}  c6 {[%clk 0:04:23]} 9. Kh1 {[%clk 0:07:38]}  Bg4 {[%clk 0:03:27]} 10. Qe1 {[%clk 0:07:42]}  Bxe2 {[%clk 0:03:13]} 11. Qxe2 {[%clk 0:07:15]}  Qd7 {[%clk 0:02:14]} 12. f5 {[%clk 0:06:37]}  Nxb3 {[%clk 0:02:09]} 13. axb3 {[%clk 0:06:40]}  Qc7 {[%clk 0:01:57]} 14. Bg5 {[%clk 0:06:00]}  Ne8 {[%clk 0:01:47]} 15. Bd2 {[%clk 0:03:43]}  Qd8 {[%clk 0:01:39]} 16. Qf2 {[%clk 0:03:40]}  b6 {[%clk 0:01:37]} 17. Qg3 {[%clk 0:03:10]}  Kh8 {[%clk 0:01:32]} 18. Qh3 {[%clk 0:03:02]}  Bg5 {[%clk 0:01:30]} 19. Bxg5 {[%clk 0:02:50]}  Qxg5 {[%clk 0:01:34]} 20. Qf3 {[%clk 0:02:29]}  Nf6 {[%clk 0:01:34]} 21. h3 {[%clk 0:02:00]}  Rfd8 {[%clk 0:01:25]} 22. g4 {[%clk 0:01:35]}  d5 {[%clk 0:01:28]} 23. Qg3 {[%clk 0:01:30]}  dxe4 {[%clk 0:01:03]} 24. h4 {[%clk 0:01:27]}  Qxg4 {[%clk 0:01:03]} 25. Qxg4 {[%clk 0:00:50]}  Nxg4 {[%clk 0:01:07]} 26. Nxe4 {[%clk 0:00:28]}  f6 {[%clk 0:00:51]} 27. Rf3 {[%clk 0:00:27]}  h5 {[%clk 0:00:50]} 28. Kg2 {[%clk 0:00:24]}  a5 {[%clk 0:00:53]} 29. Nf2 {[%clk 0:00:21]}  Nxf2 {[%clk 0:00:49]} 30. Rxf2 {[%clk 0:00:11]}  Rd4 {[%clk 0:00:52]} 31. Kg3 {[%clk 0:00:14]}  Rad8 {[%clk 0:00:52]} 32. Re1 {[%clk 0:00:16]}  Rg4+ {[%clk 0:00:52]} 33. Kh3 {[%clk 0:00:19]}  Rdd4 {[%clk 0:00:55]} 34. Ra1 {[%clk 0:00:19]} 0-1

[Event "Rapid Tournament (RAP)"]
[Site "Biel, CH"]
[Date "2025.07.13"]
[Round "4"]
[White "Chen, Zhi"]
[Black "Ding, Shirui"]
[Result "1-0"]
[Board "28"]
[WhiteFideId "8619549"]
[BlackFideId "8618445"]
[WhiteElo "2027"]
[BlackElo "1829"]
[WhiteTeam "CHN"]
[BlackTeam "CHN"]
[WhiteClock "0:00:09"]
[BlackClock "0:00:33"]
[Variant "Standard"]

1. d4 {[%clk 0:15:07]}  Nf6 {[%clk 0:15:07]} 2. c4 {[%clk 0:15:06]}  g6 {[%clk 0:15:09]} 3. Nc3 {[%clk 0:14:56]}  d5 {[%clk 0:15:04]} 4. cxd5 {[%clk 0:14:44]}  Nxd5 {[%clk 0:15:05]} 5. e4 {[%clk 0:14:43]}  Nxc3 {[%clk 0:15:05]} 6. bxc3 {[%clk 0:14:46]}  Bg7 {[%clk 0:15:06]} 7. Bc4 {[%clk 0:14:38]}  c5 {[%clk 0:14:59]} 8. Ne2 {[%clk 0:14:29]}  O-O {[%clk 0:14:54]} 9. O-O {[%clk 0:14:20]}  Qc7 {[%clk 0:14:45]} 10. Bb3 {[%clk 0:13:24]}  Nd7 {[%clk 0:13:58]} 11. Be3 {[%clk 0:13:32]}  b6 {[%clk 0:13:25]} 12. e5 {[%clk 0:12:08]}  e6 {[%clk 0:12:42]} 13. Nf4 {[%clk 0:12:22]}  c4 {[%clk 0:12:26]} 14. Bc2 {[%clk 0:12:16]}  Bb7 {[%clk 0:12:16]} 15. Qg4 {[%clk 0:11:47]}  Rfd8 {[%clk 0:08:33]} 16. h4 {[%clk 0:10:50]}  h5 {[%clk 0:06:37]} 17. Nxe6 {[%clk 0:05:42]}  fxe6 {[%clk 0:03:22]} 18. Qxe6+ {[%clk 0:07:19]}  Kh8 {[%clk 0:02:52]} 19. Qxg6 {[%clk 0:06:48]}  Nf8 {[%clk 0:02:37]} 20. Qxh5+ {[%clk 0:06:41]}  Kg8 {[%clk 0:03:01]} 21. Qg5 {[%clk 0:05:47]}  Ne6 {[%clk 0:02:28]} 22. Qg4 {[%clk 0:04:40]}  Bc8 {[%clk 0:01:44]} 23. Qe4 {[%clk 0:04:06]}  Rb8 {[%clk 0:00:45]} 24. h5 {[%clk 0:03:18]}  Bh8 {[%clk 0:01:45]} 25. h6 {[%clk 0:02:46]}  Kf8 {[%clk 0:01:21]} 26. f4 {[%clk 0:01:43]}  Bb7 {[%clk 0:01:08]} 27. Qf5+ {[%clk 0:01:23]}  Qf7 {[%clk 0:01:08]} 28. g4 {[%clk 0:00:50]}  Rd7 {[%clk 0:00:57]} 29. g5 {[%clk 0:00:27]}  Qxf5 {[%clk 0:00:29]} 30. Bxf5 {[%clk 0:00:30]}  Ke7 {[%clk 0:00:31]} 31. Bxe6 {[%clk 0:00:13]}  Kxe6 {[%clk 0:00:33]} 32. f5+ {[%clk 0:00:15]}  Kd5 {[%clk 0:00:35]} 33. f6 {[%clk 0:00:12]}  Ke6 {[%clk 0:00:33]} 34. g6 {[%clk 0:00:09]} 1-0

[Event "Rapid Tournament (RAP)"]
[Site "Biel, CH"]
[Date "2025.07.13"]
[Round "4"]
[White "He, Junchen"]
[Black "Di Meo, Quentin"]
[Result "1-0"]
[Board "29"]
[WhiteFideId "8642427"]
[BlackFideId "1338498"]
[WhiteElo "2007"]
[BlackElo "1821"]
[WhiteTeam "CHN"]
[BlackTeam "SUI"]
[WhiteClock "0:00:42"]
[BlackClock "0:00:09"]
[Variant "Standard"]

1. a3 {[%clk 0:15:00]}  d5 {[%clk 0:14:46]} 2. Nf3 {[%clk 0:15:03]}  Nf6 {[%clk 0:14:27]} 3. e3 {[%clk 0:15:03]}  Bg4 {[%clk 0:14:23]} 4. h3 {[%clk 0:14:32]}  Bh5 {[%clk 0:14:20]} 5. Be2 {[%clk 0:14:23]}  c6 {[%clk 0:14:12]} 6. O-O {[%clk 0:14:10]}  Bxf3 {[%clk 0:14:04]} 7. Bxf3 {[%clk 0:14:13]}  e5 {[%clk 0:14:05]} 8. d3 {[%clk 0:13:49]}  Bd6 {[%clk 0:13:56]} 9. e4 {[%clk 0:12:55]}  h6 {[%clk 0:12:47]} 10. Nc3 {[%clk 0:12:57]}  Bc5 {[%clk 0:12:04]} 11. Re1 {[%clk 0:11:57]}  d4 {[%clk 0:10:39]} 12. Ne2 {[%clk 0:12:00]}  Bd6 {[%clk 0:10:20]} 13. g3 {[%clk 0:10:56]}  c5 {[%clk 0:09:58]} 14. Bg2 {[%clk 0:10:51]}  g5 {[%clk 0:08:36]} 15. g4 {[%clk 0:10:42]}  Nc6 {[%clk 0:08:09]} 16. Ng3 {[%clk 0:10:45]}  Ne7 {[%clk 0:07:56]} 17. Qf3 {[%clk 0:10:43]}  Ng6 {[%clk 0:07:36]} 18. Nf5 {[%clk 0:10:36]}  Rh7 {[%clk 0:05:53]} 19. Bd2 {[%clk 0:08:56]}  Nf4 {[%clk 0:05:50]} 20. Bxf4 {[%clk 0:07:17]}  gxf4 {[%clk 0:05:45]} 21. h4 {[%clk 0:07:20]}  Be7 {[%clk 0:04:29]} 22. Bh3 {[%clk 0:06:52]}  Nd7 {[%clk 0:03:56]} 23. h5 {[%clk 0:05:27]}  Nf8 {[%clk 0:04:01]} 24. Qd1 {[%clk 0:04:49]}  Ne6 {[%clk 0:03:55]} 25. Bg2 {[%clk 0:04:18]}  Bh4 {[%clk 0:03:13]} 26. Rf1 {[%clk 0:03:40]}  Be7 {[%clk 0:03:14]} 27. Qd2 {[%clk 0:03:09]}  Qc7 {[%clk 0:02:53]} 28. c4 {[%clk 0:02:48]}  a5 {[%clk 0:02:13]} 29. b4 {[%clk 0:01:53]}  cxb4 {[%clk 0:01:32]} 30. Nxe7 {[%clk 0:01:54]}  Qxe7 {[%clk 0:01:18]} 31. axb4 {[%clk 0:01:58]}  f3 {[%clk 0:01:00]} 32. Bxf3 {[%clk 0:01:51]}  Nf4 {[%clk 0:00:38]} 33. Bg2 {[%clk 0:01:21]}  Qh4 {[%clk 0:00:34]} 34. f3 {[%clk 0:01:13]}  a4 {[%clk 0:00:22]} 35. Ra3 {[%clk 0:01:01]}  Rg7 {[%clk 0:00:23]} 36. Qf2 {[%clk 0:00:55]}  Qe7 {[%clk 0:00:15]} 37. c5 {[%clk 0:00:49]}  Qe6 {[%clk 0:00:13]} 38. Rfa1 {[%clk 0:00:46]}  Qd7 {[%clk 0:00:13]} 39. Qc2 {[%clk 0:00:44]}  Qb5 {[%clk 0:00:10]} 40. Rxa4 {[%clk 0:00:25]}  Rxa4 {[%clk 0:00:08]} 41. Qxa4 {[%clk 0:00:29]}  Qxa4 {[%clk 0:00:09]} 42. Rxa4 {[%clk 0:00:33]}  Nxd3 {[%clk 0:00:10]} 43. Bf1 {[%clk 0:00:29]}  Nb2 {[%clk 0:00:10]} 44. Ra2 {[%clk 0:00:29]}  Nd1 {[%clk 0:00:14]} 45. Ra7 {[%clk 0:00:27]}  f6 {[%clk 0:00:16]} 46. c6 {[%clk 0:00:29]}  Kd8 {[%clk 0:00:11]} 47. cxb7 {[%clk 0:00:32]}  Kc7 {[%clk 0:00:06]} 48. b8=Q+ {[%clk 0:00:34]}  Kxb8 {[%clk 0:00:09]} 49. Rxg7 {[%clk 0:00:38]}  Ne3 {[%clk 0:00:09]} 50. Bd3 {[%clk 0:00:42]} 1-0

[Event "Rapid Tournament (RAP)"]
[Site "Biel, CH"]
[Date "2025.07.13"]
[Round "4"]
[White "Villiger, Jan"]
[Black "Schweitzer, Olaf"]
[Result "0-1"]
[Board "30"]
[WhiteFideId "1340891"]
[BlackFideId "634123"]
[WhiteElo "1827"]
[BlackElo "1996"]
[WhiteTeam "SUI"]
[BlackTeam "FRA"]
[WhiteClock "0:01:21"]
[BlackClock "0:00:38"]
[Variant "Standard"]

1. e4 {[%clk 0:15:06]}  c5 {[%clk 0:15:09]} 2. Nf3 {[%clk 0:15:10]}  Nc6 {[%clk 0:15:12]} 3. d4 {[%clk 0:15:14]}  cxd4 {[%clk 0:15:16]} 4. Nxd4 {[%clk 0:15:17]}  Nf6 {[%clk 0:15:20]} 5. Nc3 {[%clk 0:15:21]}  e5 {[%clk 0:15:23]} 6. Ndb5 {[%clk 0:15:25]}  d6 {[%clk 0:15:27]} 7. Bg5 {[%clk 0:15:27]}  a6 {[%clk 0:15:31]} 8. Na3 {[%clk 0:15:31]}  Be6 {[%clk 0:15:35]} 9. Nc4 {[%clk 0:15:14]}  Rc8 {[%clk 0:15:37]} 10. Ne3 {[%clk 0:15:17]}  Be7 {[%clk 0:15:41]} 11. Bxf6 {[%clk 0:15:16]}  Bxf6 {[%clk 0:15:45]} 12. Ncd5 {[%clk 0:15:20]}  Bg5 {[%clk 0:15:48]} 13. c3 {[%clk 0:14:59]}  O-O {[%clk 0:15:49]} 14. h4 {[%clk 0:13:40]}  Bxe3 {[%clk 0:15:29]} 15. Nxe3 {[%clk 0:13:43]}  Ne7 {[%clk 0:15:22]} 16. Be2 {[%clk 0:13:25]}  d5 {[%clk 0:15:11]} 17. Bg4 {[%clk 0:12:34]}  d4 {[%clk 0:14:53]} 18. Bxe6 {[%clk 0:12:29]}  fxe6 {[%clk 0:14:56]} 19. Ng4 {[%clk 0:11:21]}  Nc6 {[%clk 0:14:45]} 20. h5 {[%clk 0:10:12]}  Qg5 {[%clk 0:14:03]} 21. h6 {[%clk 0:09:55]}  g6 {[%clk 0:14:03]} 22. O-O {[%clk 0:09:24]}  b5 {[%clk 0:13:09]} 23. f3 {[%clk 0:08:59]}  a5 {[%clk 0:09:04]} 24. Qb3 {[%clk 0:08:48]}  Qe7 {[%clk 0:06:46]} 25. Qxb5 {[%clk 0:08:38]}  Qd6 {[%clk 0:06:50]} 26. Qd3 {[%clk 0:07:30]}  Qc5 {[%clk 0:05:01]} 27. Kh1 {[%clk 0:07:11]}  Rcd8 {[%clk 0:04:23]} 28. Rfd1 {[%clk 0:06:58]}  a4 {[%clk 0:04:13]} 29. Rac1 {[%clk 0:06:53]}  Qe7 {[%clk 0:04:16]} 30. Qc4 {[%clk 0:06:45]}  Rc8 {[%clk 0:01:34]} 31. Qxa4 {[%clk 0:06:42]}  Qh4+ {[%clk 0:01:38]} 32. Kg1 {[%clk 0:06:46]}  Rxf3 {[%clk 0:01:36]} 33. gxf3 {[%clk 0:04:11]}  Qg3+ {[%clk 0:01:40]} 34. Kf1 {[%clk 0:03:53]}  Qxf3+ {[%clk 0:01:33]} 35. Nf2 {[%clk 0:03:57]}  Rf8 {[%clk 0:01:27]} 36. Qc2 {[%clk 0:01:42]}  Qh1+ {[%clk 0:01:30]} 37. Ke2 {[%clk 0:01:45]}  Qf3+ {[%clk 0:01:11]} 38. Kf1 {[%clk 0:01:48]}  Qh1+ {[%clk 0:00:49]} 39. Ke2 {[%clk 0:01:52]}  Qf3+ {[%clk 0:00:53]} 40. Ke1 {[%clk 0:01:35]}  Qg3 {[%clk 0:00:36]} 41. Rd3 {[%clk 0:01:18]}  Qg1+ {[%clk 0:00:35]} 42. Ke2 {[%clk 0:01:21]}  Rxf2# {[%clk 0:00:38]} 0-1

[Event "Rapid Tournament (RAP)"]
[Site "Biel, CH"]
[Date "2025.07.13"]
[Round "4"]
[White "Bachmann, Daniel"]
[Black "Doxarve, Nils"]
[Result "0-1"]
[Board "31"]
[WhiteFideId "1357492"]
[BlackFideId "1340000"]
[WhiteElo "1798"]
[BlackElo "1990"]
[WhiteTeam "SUI"]
[BlackTeam "SUI"]
[WhiteClock "0:00:33"]
[BlackClock "0:04:14"]
[Variant "Standard"]

1. e4 {[%clk 0:15:08]}  e5 {[%clk 0:14:17]} 2. Nc3 {[%clk 0:15:12]}  Nf6 {[%clk 0:14:20]} 3. f4 {[%clk 0:15:16]}  d5 {[%clk 0:14:25]} 4. fxe5 {[%clk 0:15:19]}  Nxe4 {[%clk 0:14:29]} 5. Qf3 {[%clk 0:15:23]}  Nc6 {[%clk 0:14:32]} 6. Bb5 {[%clk 0:15:26]}  Nxc3 {[%clk 0:14:35]} 7. dxc3 {[%clk 0:15:30]}  a6 {[%clk 0:14:39]} 8. Bxc6+ {[%clk 0:15:33]}  bxc6 {[%clk 0:14:43]} 9. Qg3 {[%clk 0:15:10]}  Qd7 {[%clk 0:14:46]} 10. Bf4 {[%clk 0:13:55]}  Qg4 {[%clk 0:14:48]} 11. Qxg4 {[%clk 0:13:44]}  Bxg4 {[%clk 0:14:52]} 12. h3 {[%clk 0:13:46]}  Bh5 {[%clk 0:14:15]} 13. g4 {[%clk 0:13:48]}  Bg6 {[%clk 0:14:19]} 14. O-O-O {[%clk 0:13:51]}  Be4 {[%clk 0:12:32]} 15. Rh2 {[%clk 0:13:55]}  Be7 {[%clk 0:11:56]} 16. Ne2 {[%clk 0:13:32]}  h5 {[%clk 0:11:34]} 17. Ng3 {[%clk 0:12:54]}  Bf3 {[%clk 0:11:38]} 18. Rd3 {[%clk 0:09:07]}  hxg4 {[%clk 0:11:39]} 19. Nf5 {[%clk 0:09:00]}  Be4 {[%clk 0:10:13]} 20. hxg4 {[%clk 0:05:37]}  Rxh2 {[%clk 0:10:16]} 21. Bxh2 {[%clk 0:05:41]}  Bxd3 {[%clk 0:09:48]} 22. cxd3 {[%clk 0:05:44]}  g6 {[%clk 0:09:52]} 23. Nd4 {[%clk 0:05:02]}  Bg5+ {[%clk 0:09:24]} 24. Kc2 {[%clk 0:04:57]}  Kd7 {[%clk 0:09:27]} 25. Nf3 {[%clk 0:04:32]}  Rh8 {[%clk 0:08:54]} 26. Bg1 {[%clk 0:03:43]}  Bf4 {[%clk 0:08:57]} 27. Bd4 {[%clk 0:03:18]}  Rh3 {[%clk 0:08:40]} 28. Ng1 {[%clk 0:02:40]}  Rg3 {[%clk 0:06:05]} 29. Kb3 {[%clk 0:01:36]}  Rxg4 {[%clk 0:05:37]} 30. Ka4 {[%clk 0:01:34]}  Bxe5 {[%clk 0:05:21]} 31. Nf3 {[%clk 0:01:21]}  Bxd4 {[%clk 0:05:12]} 32. cxd4 {[%clk 0:01:24]}  Rf4 {[%clk 0:04:55]} 33. Ne5+ {[%clk 0:01:05]}  Kd6 {[%clk 0:04:58]} 34. Ka5 {[%clk 0:00:54]}  g5 {[%clk 0:04:21]} 35. Kxa6 {[%clk 0:00:33]}  c5 {[%clk 0:04:14]} 0-1

[Event "Rapid Tournament (RAP)"]
[Site "Biel, CH"]
[Date "2025.07.13"]
[Round "4"]
[White "Mueller, Konstantin"]
[Black "Mikavica, Dragoljub"]
[Result "1-0"]
[Board "32"]
[WhiteFideId "34661778"]
[BlackFideId "1308726"]
[WhiteElo "1798"]
[BlackElo "1980"]
[WhiteTeam "GER"]
[BlackTeam "SUI"]
[WhiteClock "0:03:58"]
[BlackClock "0:01:53"]
[Variant "Standard"]

1. e4 {[%clk 0:14:27]}  e6 {[%clk 0:15:07]} 2. d4 {[%clk 0:14:28]}  c5 {[%clk 0:15:11]} 3. d5 {[%clk 0:14:11]}  d6 {[%clk 0:15:15]} 4. c4 {[%clk 0:13:25]}  g6 {[%clk 0:15:14]} 5. Nc3 {[%clk 0:13:23]}  Bg7 {[%clk 0:15:18]} 6. Qc2 {[%clk 0:13:20]}  Na6 {[%clk 0:15:18]} 7. Nf3 {[%clk 0:13:06]}  Nf6 {[%clk 0:15:08]} 8. a3 {[%clk 0:12:51]}  O-O {[%clk 0:15:05]} 9. Bd3 {[%clk 0:12:30]}  Ng4 {[%clk 0:15:03]} 10. O-O {[%clk 0:12:27]}  Nc7 {[%clk 0:14:56]} 11. b4 {[%clk 0:12:02]}  exd5 {[%clk 0:14:25]} 12. cxd5 {[%clk 0:11:41]}  b5 {[%clk 0:14:12]} 13. bxc5 {[%clk 0:11:21]}  dxc5 {[%clk 0:14:09]} 14. Bb2 {[%clk 0:11:11]}  c4 {[%clk 0:14:01]} 15. Be2 {[%clk 0:11:14]}  a6 {[%clk 0:13:28]} 16. Na2 {[%clk 0:10:47]}  Bxb2 {[%clk 0:13:48]} 17. Qxb2 {[%clk 0:10:51]}  Qf6 {[%clk 0:13:20]} 18. e5 {[%clk 0:09:51]}  Qf4 {[%clk 0:12:38]} 19. g3 {[%clk 0:10:06]}  Qh6 {[%clk 0:12:06]} 20. d6 {[%clk 0:09:39]}  Ne6 {[%clk 0:11:14]} 21. Nh4 {[%clk 0:08:08]}  Nc5 {[%clk 0:09:51]} 22. Bxg4 {[%clk 0:07:58]}  Bxg4 {[%clk 0:09:53]} 23. Qd4 {[%clk 0:08:02]}  Be2 {[%clk 0:09:00]} 24. Qxc5 {[%clk 0:08:01]}  Rac8 {[%clk 0:08:52]} 25. Qd5 {[%clk 0:07:22]}  Bxf1 {[%clk 0:08:26]} 26. Rxf1 {[%clk 0:07:25]}  c3 {[%clk 0:07:43]} 27. d7 {[%clk 0:07:21]}  Rcd8 {[%clk 0:07:43]} 28. Nxc3 {[%clk 0:07:25]}  Qh5 {[%clk 0:07:37]} 29. Re1 {[%clk 0:06:06]}  Qg4 {[%clk 0:07:22]} 30. Ne4 {[%clk 0:05:13]}  Kg7 {[%clk 0:06:54]} 31. Nf6 {[%clk 0:05:12]}  Qe6 {[%clk 0:06:47]} 32. Qd2 {[%clk 0:04:59]}  h6 {[%clk 0:06:26]} 33. Nf3 {[%clk 0:04:38]}  Qb3 {[%clk 0:06:18]} 34. Nd4 {[%clk 0:04:14]}  Qc4 {[%clk 0:05:00]} 35. Re4 {[%clk 0:04:02]}  Qc5 {[%clk 0:02:50]} 36. Rh4 {[%clk 0:03:45]}  Qxe5 {[%clk 0:02:11]} 37. Qxh6+ {[%clk 0:03:45]}  Kxf6 {[%clk 0:02:14]} 38. Rf4+ {[%clk 0:03:48]}  Ke7 {[%clk 0:02:13]} 39. Nc6+ {[%clk 0:03:51]}  Kd6 {[%clk 0:02:06]} 40. Nxe5 {[%clk 0:03:53]}  Kxe5 {[%clk 0:02:10]} 41. Qg5+ {[%clk 0:03:53]}  Kd6 {[%clk 0:02:09]} 42. Rd4+ {[%clk 0:03:56]}  Kc7 {[%clk 0:02:09]} 43. Qc5+ {[%clk 0:03:53]}  Kb7 {[%clk 0:02:07]} 44. Rd6 {[%clk 0:03:57]}  Rb8 {[%clk 0:01:53]} 45. Qb6+ {[%clk 0:03:58]} 1-0

[Event "Rapid Tournament (RAP)"]
[Site "Biel, CH"]
[Date "2025.07.13"]
[Round "4"]
[White "Chen, Muxi"]
[Black "Avilova, Yulia"]
[Result "1-0"]
[Board "33"]
[WhiteFideId "8626073"]
[BlackFideId "34166073"]
[WhiteElo "1979"]
[BlackElo "1708"]
[WhiteTeam "CHN"]
[BlackTeam "SUI"]
[WhiteClock "0:08:58"]
[BlackClock "0:02:33"]
[Variant "Standard"]

1. e4 {[%clk 0:15:07]}  c5 {[%clk 0:15:08]} 2. Nf3 {[%clk 0:15:09]}  d6 {[%clk 0:15:12]} 3. d4 {[%clk 0:15:09]}  cxd4 {[%clk 0:15:14]} 4. Nxd4 {[%clk 0:15:12]}  Nf6 {[%clk 0:15:17]} 5. Nc3 {[%clk 0:15:16]}  a6 {[%clk 0:15:21]} 6. Be2 {[%clk 0:15:19]}  e6 {[%clk 0:15:24]} 7. g4 {[%clk 0:14:51]}  Be7 {[%clk 0:15:20]} 8. g5 {[%clk 0:14:41]}  Nfd7 {[%clk 0:15:24]} 9. f4 {[%clk 0:14:33]}  b5 {[%clk 0:15:22]} 10. Be3 {[%clk 0:14:11]}  Bb7 {[%clk 0:15:24]} 11. a3 {[%clk 0:13:50]}  Nc5 {[%clk 0:15:26]} 12. Bf3 {[%clk 0:13:29]}  Nbd7 {[%clk 0:15:11]} 13. b4 {[%clk 0:13:17]}  e5 {[%clk 0:14:51]} 14. bxc5 {[%clk 0:12:38]}  exd4 {[%clk 0:14:55]} 15. Qxd4 {[%clk 0:12:04]}  f6 {[%clk 0:12:33]} 16. cxd6 {[%clk 0:11:41]}  Bf8 {[%clk 0:12:35]} 17. O-O {[%clk 0:11:10]}  Rc8 {[%clk 0:11:50]} 18. e5 {[%clk 0:10:51]}  Bxf3 {[%clk 0:11:44]} 19. Rxf3 {[%clk 0:10:54]}  Rc4 {[%clk 0:09:46]} 20. Qd5 {[%clk 0:09:46]}  Rxc3 {[%clk 0:09:01]} 21. exf6 {[%clk 0:09:28]}  gxf6 {[%clk 0:08:41]} 22. Re1 {[%clk 0:09:26]}  Be7 {[%clk 0:04:16]} 23. Bd4 {[%clk 0:09:03]}  Rxf3 {[%clk 0:02:45]} 24. Qxf3 {[%clk 0:09:05]}  Rg8 {[%clk 0:02:39]} 25. Qh5+ {[%clk 0:08:46]}  Kf8 {[%clk 0:02:39]} 26. dxe7+ {[%clk 0:08:48]}  Qxe7 {[%clk 0:02:37]} 27. Rxe7 {[%clk 0:08:50]}  Kxe7 {[%clk 0:02:40]} 28. Qxh7+ {[%clk 0:08:53]}  Kf8 {[%clk 0:02:43]} 29. Qxd7 {[%clk 0:08:55]}  fxg5 {[%clk 0:02:33]} 30. Bc5# {[%clk 0:08:58]} 1-0

[Event "Rapid Tournament (RAP)"]
[Site "Biel, CH"]
[Date "2025.07.13"]
[Round "4"]
[White "Trubini, Timon"]
[Black "Wiesmann, Dominique"]
[Result "0-1"]
[Board "34"]
[WhiteFideId "1347799"]
[BlackFideId "1308262"]
[WhiteElo "1743"]
[BlackElo "1978"]
[WhiteTeam "SUI"]
[BlackTeam "SUI"]
[WhiteClock "0:04:57"]
[BlackClock "0:05:31"]
[Variant "Standard"]

1. e4 {[%clk 0:15:09]}  d6 {[%clk 0:13:43]} 2. d4 {[%clk 0:15:12]}  Nf6 {[%clk 0:13:47]} 3. Nc3 {[%clk 0:15:16]}  g6 {[%clk 0:13:51]} 4. Nf3 {[%clk 0:15:19]}  Bg7 {[%clk 0:13:55]} 5. Be2 {[%clk 0:15:23]}  O-O {[%clk 0:13:59]} 6. O-O {[%clk 0:15:26]}  e5 {[%clk 0:14:03]} 7. dxe5 {[%clk 0:14:56]}  dxe5 {[%clk 0:14:05]} 8. Qxd8 {[%clk 0:14:42]}  Rxd8 {[%clk 0:14:09]} 9. Bg5 {[%clk 0:14:27]}  Bg4 {[%clk 0:12:27]} 10. Nxe5 {[%clk 0:13:24]}  Bxe2 {[%clk 0:13:34]} 11. Nxe2 {[%clk 0:13:28]}  Re8 {[%clk 0:13:21]} 12. Bxf6 {[%clk 0:12:13]}  Bxf6 {[%clk 0:13:21]} 13. Nd3 {[%clk 0:12:14]}  Rxe4 {[%clk 0:13:11]} 14. Ng3 {[%clk 0:12:11]}  Re7 {[%clk 0:12:48]} 15. Rfe1 {[%clk 0:11:57]}  Rxe1+ {[%clk 0:12:19]} 16. Rxe1 {[%clk 0:12:00]}  Nc6 {[%clk 0:12:23]} 17. c3 {[%clk 0:11:51]}  Rd8 {[%clk 0:11:34]} 18. Nc5 {[%clk 0:09:49]}  b6 {[%clk 0:10:42]} 19. Nce4 {[%clk 0:09:53]}  Bg7 {[%clk 0:10:39]} 20. f3 {[%clk 0:09:54]}  h6 {[%clk 0:09:38]} 21. h4 {[%clk 0:07:26]}  Be5 {[%clk 0:06:52]} 22. Nf1 {[%clk 0:07:05]}  f5 {[%clk 0:06:37]} 23. Neg3 {[%clk 0:06:27]}  h5 {[%clk 0:05:38]} 24. Kf2 {[%clk 0:06:19]}  Kf7 {[%clk 0:05:42]} 25. Re2 {[%clk 0:06:07]}  Bf6 {[%clk 0:05:33]} 26. Nd2 {[%clk 0:04:57]}  Bxh4 {[%clk 0:05:31]} 0-1

[Event "Rapid Tournament (RAP)"]
[Site "Biel, CH"]
[Date "2025.07.13"]
[Round "4"]
[White "Nihal Saheer"]
[Black "Cordes, Jule"]
[Result "0-1"]
[Board "35"]
[WhiteFideId "531012086"]
[BlackFideId "1060708"]
[WhiteElo "1615"]
[BlackElo "1946"]
[WhiteTeam "IND"]
[BlackTeam "NED"]
[WhiteClock "0:01:03"]
[BlackClock "0:00:42"]
[Variant "Standard"]

1. e4 {[%clk 0:15:08]}  e6 {[%clk 0:14:42]} 2. d4 {[%clk 0:15:08]}  d5 {[%clk 0:14:46]} 3. Nc3 {[%clk 0:15:11]}  Nf6 {[%clk 0:14:49]} 4. e5 {[%clk 0:15:15]}  Nfd7 {[%clk 0:14:53]} 5. Nce2 {[%clk 0:15:15]}  c5 {[%clk 0:14:57]} 6. c3 {[%clk 0:15:19]}  Nc6 {[%clk 0:15:00]} 7. f4 {[%clk 0:15:14]}  b5 {[%clk 0:14:23]} 8. Nf3 {[%clk 0:13:54]}  b4 {[%clk 0:13:41]} 9. Ng3 {[%clk 0:12:52]}  a5 {[%clk 0:11:19]} 10. Bd3 {[%clk 0:12:00]}  Qb6 {[%clk 0:10:44]} 11. Be3 {[%clk 0:11:12]}  Ba6 {[%clk 0:09:51]} 12. O-O {[%clk 0:10:40]}  g6 {[%clk 0:08:09]} 13. Ne2 {[%clk 0:07:20]}  Bxd3 {[%clk 0:07:35]} 14. Qxd3 {[%clk 0:07:22]}  Be7 {[%clk 0:06:43]} 15. Ng5 {[%clk 0:06:32]}  Qa6 {[%clk 0:04:50]} 16. Qd1 {[%clk 0:05:53]}  Rb8 {[%clk 0:02:08]} 17. g4 {[%clk 0:04:49]}  bxc3 {[%clk 0:02:49]} 18. bxc3 {[%clk 0:04:38]}  cxd4 {[%clk 0:01:16]} 19. cxd4 {[%clk 0:04:37]}  Nb4 {[%clk 0:01:13]} 20. f5 {[%clk 0:04:24]}  Bxg5 {[%clk 0:01:06]} 21. Bxg5 {[%clk 0:04:24]}  gxf5 {[%clk 0:00:54]} 22. gxf5 {[%clk 0:04:24]}  Rg8 {[%clk 0:00:58]} 23. h4 {[%clk 0:04:01]}  h6 {[%clk 0:01:00]} 24. fxe6 {[%clk 0:04:03]}  Qxe6 {[%clk 0:01:01]} 25. Nf4 {[%clk 0:04:05]}  Qb6 {[%clk 0:00:30]} 26. e6 {[%clk 0:03:26]}  hxg5 {[%clk 0:00:12]} 27. exf7+ {[%clk 0:03:23]}  Ke7 {[%clk 0:00:10]} 28. fxg8=N+ {[%clk 0:03:11]}  Rxg8 {[%clk 0:00:09]} 29. Qe2+ {[%clk 0:03:02]}  Kd8 {[%clk 0:00:09]} 30. Ne6+ {[%clk 0:02:52]}  Kc8 {[%clk 0:00:13]} 31. Rac1+ {[%clk 0:02:51]}  Kb8 {[%clk 0:00:14]} 32. hxg5 {[%clk 0:02:09]}  Re8 {[%clk 0:00:18]} 33. Qh2+ {[%clk 0:02:11]}  Kb7 {[%clk 0:00:09]} 34. Nc5+ {[%clk 0:01:54]}  Nxc5 {[%clk 0:00:09]} 35. dxc5 {[%clk 0:01:54]}  Qg6 {[%clk 0:00:10]} 36. Qg2 {[%clk 0:01:33]}  Re5 {[%clk 0:00:09]} 37. c6+ {[%clk 0:01:04]}  Kc7 {[%clk 0:00:06]} 38. Qg3 {[%clk 0:00:48]}  Qxg5 {[%clk 0:00:11]} 39. Rf7+ {[%clk 0:00:44]}  Kd6 {[%clk 0:00:07]} 40. Qxg5 {[%clk 0:00:30]}  Rxg5+ {[%clk 0:00:11]} 41. Kf1 {[%clk 0:00:29]}  Rh5 {[%clk 0:00:08]} 42. Rf6+ {[%clk 0:00:18]}  Kc7 {[%clk 0:00:09]} 43. Rf7+ {[%clk 0:00:20]}  Kc8 {[%clk 0:00:11]} 44. Re1 {[%clk 0:00:10]}  Rh1+ {[%clk 0:00:13]} 45. Ke2 {[%clk 0:00:14]}  Rxe1+ {[%clk 0:00:17]} 46. Kxe1 {[%clk 0:00:18]}  Nxc6 {[%clk 0:00:21]} 47. Rf6 {[%clk 0:00:19]}  Kd7 {[%clk 0:00:25]} 48. Rf2 {[%clk 0:00:23]}  Nb4 {[%clk 0:00:27]} 49. a3 {[%clk 0:00:26]}  Nd3+ {[%clk 0:00:32]} 50. Ke2 {[%clk 0:00:30]}  Nxf2 {[%clk 0:00:36]} 51. Kxf2 {[%clk 0:00:34]}  Kc6 {[%clk 0:00:41]} 52. Ke3 {[%clk 0:00:37]}  Kc5 {[%clk 0:00:45]} 53. Kd3 {[%clk 0:00:42]}  d4 {[%clk 0:00:46]} 54. a4 {[%clk 0:00:44]}  Kd5 {[%clk 0:00:49]} 55. Kd2 {[%clk 0:00:47]}  Kc4 {[%clk 0:00:52]} 56. Kc2 {[%clk 0:00:51]}  Kb4 {[%clk 0:00:30]} 57. Kd3 {[%clk 0:00:52]}  Kxa4 {[%clk 0:00:33]} 58. Kxd4 {[%clk 0:00:56]}  Kb3 {[%clk 0:00:37]} 59. Kd3 {[%clk 0:00:59]}  a4 {[%clk 0:00:38]} 60. Kd2 {[%clk 0:01:03]}  Kb2 {[%clk 0:00:42]} 0-1